00685nam a22001817a 4500003000500000038002200005082000800027100002700035245013400062264003000196300002000226650004000246700004300286856005700329942001200386999001900398952008600417NUST aZafar Iqbal Malik a200 aMalik Mehreen 9127789 aDigital Leadership and Business Model Innovation: A Case Study of Digital Transformation of the Textile Industry /cMehreen Malik aIslamabadbNBS NUSTc2024 a143, p.c35 cm. aPhD-Business Administration9123754 aSupervisor: Dr. Naukhez Sarwar9123755 uhttp://10.250.8.41:8080/xmlui/handle/123456789/49334 2ddccSC c612737d612737 00104070aCLbCLcTHEd2025-01-20l0o200pCLPT-701r2025-01-20w2025-01-20ySC